| 000 | 00441nam a2200193Ia 4500 | ||
|---|---|---|---|
| 005 | 20250425160801.0 | ||
| 008 | 250425s9999 xx 000 0 und d | ||
| 041 | _aeng | ||
| 082 | _a551.46 | ||
| 100 | _aCHARNOCK, HENRY | ||
| 245 | 0 | _aADVANCES IN OCEANOGRAPHY | |
| 250 | _aS.E. | ||
| 260 |
_aEstados Unidos _bPLEN _c1978 |
||
| 260 | _aNEW YORK | ||
| 300 | _a180 | ||
| 650 | _aTEMPERATURA DEL AGUA | ||
| 942 | _c01 | ||
| 010 | _a5134 | ||
| 999 |
_c196070 _d196070 |
||